Actualidad en el derecho público (Registro nro. 8869)
[ vista simple ]
| 000 -LEADER | |
|---|---|
| fixed length control field | 00938nas a2200289 454500 |
| 001 - CONTROL NUMBER | |
| control field | 40328 |
| 005 - DATE AND TIME OF LATEST TRANSACTION | |
| control field | 20260407193510.0 |
| 008 - FIXED-LENGTH DATA ELEMENTS--GENERAL INFORMATION | |
| fixed length control field | 260407s1995####ag###########|||spa#d |
| 003 - CONTROL NUMBER IDENTIFIER | |
| control field | AR-UNSa-BCEJYS |
| 040 ## - CATALOGING SOURCE | |
| Original cataloging agency | AR-UNSa-BCEJYS |
| Language of cataloging | spa |
| Transcribing agency | AR-UNSa-BCEJYS |
| 080 ## - UNIVERSAL DECIMAL CLASSIFICATION NUMBER | |
| Universal Decimal Classification number | 342 |
| Common auxiliary subdivision | Derecho constitucional (Derecho Público) |
| 041 ## - LANGUAGE CODE | |
| Language code of text/sound track or separate title | spa |
| 100 1# - MAIN ENTRY--PERSONAL NAME | |
| Personal name | Salomoni, Jorge Luis |
| 245 10 - TITLE STATEMENT | |
| Title | Actualidad en el derecho público |
| 264 #1 - PRODUCTION, PUBLICATION, DISTRIBUTION, MANUFACTURE, AND COPYRIGHT NOTICE | |
| Date of production, publication, distribution, manufacture, or copyright notice | 1995 |
| 310 ## - CURRENT PUBLICATION FREQUENCY | |
| Current publication frequency | Frecuencia: Cuatrimestral<br/>Cambia de Director a partir del Año 7, Nº 17 por Guillermo Andrés Muñoz |
| 590 ## - LOCAL NOTE (RLIN) | |
| Local note | niveau_biblio:s niveau_hierar:1 |
| 650 ## - SUBJECT ADDED ENTRY--TOPICAL TERM | |
| Topical term or geographic name entry element | Derecho público |
| 650 ## - SUBJECT ADDED ENTRY--TOPICAL TERM | |
| Topical term or geographic name entry element | Derecho constitucional |
| 650 ## - SUBJECT ADDED ENTRY--TOPICAL TERM | |
| Topical term or geographic name entry element | Medio ambiente |
| 650 ## - SUBJECT ADDED ENTRY--TOPICAL TERM | |
| Topical term or geographic name entry element | JURISPRUDENCIA |
| 650 ## - SUBJECT ADDED ENTRY--TOPICAL TERM | |
| Topical term or geographic name entry element | DOCTRINA |
| 700 1# - ADDED ENTRY--PERSONAL NAME | |
| Personal name | Caiella, Pascual |
| 700 1# - ADDED ENTRY--PERSONAL NAME | |
| Personal name | Salinas, Marcelo |
| 856 41 - ELECTRONIC LOCATION AND ACCESS | |
| Uniform Resource Identifier | <a href="https://biblioeco.unsa.edu.ar/pmb/images/revistas/AeDP4.jpg">https://biblioeco.unsa.edu.ar/pmb/images/revistas/AeDP4.jpg</a> |
| Link text | Imagen de portada |
| Electronic format type | image/jpeg |
| 942 ## - ADDED ENTRY ELEMENTS (KOHA) | |
| Koha item type | |
| Withdrawn status | Lost status | Damaged status | Not for loan | Home library | Current library | Shelving location | Date acquired | Serial enumeration / chronology | Total checkouts | Full call number | Barcode | Date last seen | Price effective from | Koha item type |
|---|---|---|---|---|---|---|---|---|---|---|---|---|---|---|
| Biblioteca Prof. Eusebio Cleto del Rey | Biblioteca Prof. Eusebio Cleto del Rey | 01/09/2001 | Año 7, Nº 17 - sep./dic. 2001 | H342 ACT 17 | R20660 | 10/04/2026 | 10/04/2026 | Numero | ||||||
| Biblioteca Prof. Eusebio Cleto del Rey | Biblioteca Prof. Eusebio Cleto del Rey | 01/01/1997 | Año 3, Nº 6 - ene./abr. 1997 | H342 ACT 6 | R20531 | 10/04/2026 | 10/04/2026 | Numero | ||||||
| Biblioteca Prof. Eusebio Cleto del Rey | Biblioteca Prof. Eusebio Cleto del Rey | 01/05/1996 | Año 2, Nº 4 - mayo/ago. 1996 | H342 ACT 4 | R20530 | 10/04/2026 | 10/04/2026 | Numero | ||||||
| Biblioteca Prof. Eusebio Cleto del Rey | Biblioteca Prof. Eusebio Cleto del Rey | 01/01/1996 | Año 2, Nº 3 - ene./abr. 1996 | H342 ACT 3 | R20529 | 10/04/2026 | 10/04/2026 | Numero | ||||||
| Biblioteca Prof. Eusebio Cleto del Rey | Biblioteca Prof. Eusebio Cleto del Rey | 01/09/1995 | Año 1, Nº 2 - sep./dic. 1995 | H342 ACT 2 | R20528 | 10/04/2026 | 10/04/2026 | Numero | ||||||
| Biblioteca Prof. Eusebio Cleto del Rey | Biblioteca Prof. Eusebio Cleto del Rey | 01/05/1995 | Año 1, Nº 1 - mayo./ago. 1995 | H342 ACT 1 | R20520 | 10/04/2026 | 10/04/2026 | Numero |